<?xml version="1.0" encoding="UTF-8"?>
<record
    xmlns:xsi="http://www.w3.org/2001/XMLSchema-instance"
    xsi:schemaLocation="http://www.loc.gov/MARC21/slim http://www.loc.gov/standards/marcxml/schema/MARC21slim.xsd"
    xmlns="http://www.loc.gov/MARC21/slim">

  <leader>01058cam a2200301 a 4500</leader>
  <controlfield tag="008">                                        </controlfield>
  <datafield tag="020" ind1=" " ind2=" ">
    <subfield code="a">0397511523 (hbk.)</subfield>
  </datafield>
  <datafield tag="049" ind1=" " ind2=" ">
    <subfield code="a">MAIN</subfield>
  </datafield>
  <datafield tag="090" ind1="0" ind2=" ">
    <subfield code="a">RD101</subfield>
    <subfield code="b">FRA</subfield>
  </datafield>
  <datafield tag="245" ind1="0" ind2="0">
    <subfield code="a">Fractures in children /</subfield>
    <subfield code="c">edited by Charles A. Rockwood, Jr. Kaye Wilkins and Richard E. Wilkins.</subfield>
  </datafield>
  <datafield tag="250" ind1=" " ind2=" ">
    <subfield code="a">3rd ed.</subfield>
  </datafield>
  <datafield tag="260" ind1=" " ind2=" ">
    <subfield code="a">Philadelphia :</subfield>
    <subfield code="b">Lippincott,</subfield>
    <subfield code="c">c1984.</subfield>
  </datafield>
  <datafield tag="300" ind1=" " ind2=" ">
    <subfield code="a">xxii, 1500 p. :</subfield>
    <subfield code="b">ill. ;</subfield>
    <subfield code="c">26cm.</subfield>
  </datafield>
  <datafield tag="504" ind1=" " ind2=" ">
    <subfield code="a">Includes bibliographical references. </subfield>
  </datafield>
  <datafield tag="500" ind1=" " ind2=" ">
    <subfield code="a">Volumes 1 and 2 published separately as :Fractures in adults edited by Charles A.Rockwood, David P. Green and Robert W. Bucholz. </subfield>
  </datafield>
  <datafield tag="500" ind1=" " ind2=" ">
    <subfield code="a">Includes index.</subfield>
  </datafield>
  <datafield tag="650" ind1=" " ind2="0">
    <subfield code="a">Fractures in children.</subfield>
  </datafield>
  <datafield tag="650" ind1=" " ind2="2">
    <subfield code="a">Dislocations</subfield>
    <subfield code="x">In infancy and childhood.</subfield>
  </datafield>
  <datafield tag="650" ind1=" " ind2="2">
    <subfield code="a">Fractures</subfield>
    <subfield code="x">In infancy and childhood.</subfield>
  </datafield>
  <datafield tag="700" ind1="1" ind2=" ">
    <subfield code="a">Rockwood, Charles A.</subfield>
  </datafield>
  <datafield tag="700" ind1="1" ind2=" ">
    <subfield code="a">Wilkins, Kaye E.</subfield>
  </datafield>
  <datafield tag="700" ind1="1" ind2=" ">
    <subfield code="a">King, Richard E.</subfield>
  </datafield>
  <datafield tag="907" ind1=" " ind2=" ">
    <subfield code="a">.b10289549</subfield>
    <subfield code="b">29-01-14</subfield>
    <subfield code="c">13-01-11</subfield>
  </datafield>
  <controlfield tag="003"></controlfield>
  <controlfield tag="005">20230120204051.0</controlfield>
  <datafield tag="040" ind1=" " ind2=" ">
    <subfield code="c">NUST</subfield>
  </datafield>
  <datafield tag="942" ind1=" " ind2=" ">
    <subfield code="c">BOOKS</subfield>
    <subfield code="k">RD101</subfield>
    <subfield code="m">FRA</subfield>
  </datafield>
  <datafield tag="999" ind1=" " ind2=" ">
    <subfield code="c">116531</subfield>
    <subfield code="d">116531</subfield>
  </datafield>
  <datafield tag="952" ind1=" " ind2=" ">
    <subfield code="r">2023-01-20 00:00:00</subfield>
    <subfield code="l">1</subfield>
    <subfield code="o">RD101 FRA</subfield>
    <subfield code="p">92004017979</subfield>
    <subfield code="v">80.00</subfield>
    <subfield code="w">2023-01-20</subfield>
    <subfield code="y">BOOKS</subfield>
    <subfield code="1">0</subfield>
    <subfield code="2">LCC</subfield>
    <subfield code="4">0</subfield>
    <subfield code="7">0</subfield>
    <subfield code="8">NFIC</subfield>
    <subfield code="0">0</subfield>
    <subfield code="a">Medical</subfield>
    <subfield code="b">Medical</subfield>
    <subfield code="c">GEN</subfield>
    <subfield code="d">2023-01-20</subfield>
    <subfield code="g">80.00</subfield>
  </datafield>
</record>
